000 00316nam a22001337a 4500
082 _a894.812.3
100 _aKRISHNA PISHARADI N
245 _aPANCHATHTHANTHRAM KATHAKAL
250 _a16
260 _aTHRISSUR
_bH& C PUBLISHING HOUSE
_c2003
300 _a122
650 _aMALAYALAM SHORT STORY
_zKERALA
942 _cBK
999 _c1285
_d1285